000 00899nas a2200313 4500
001 BR2013000291
003 BR-BrBNA
005 20231205121759.0
007 ta
008 230509b bl.|||p| |||| 00| 00por d
040 _aBR-BrBNA
_bpor
_cBiblioteca Nacional de Agricultura
041 _a(Pt)
072 _aL74
100 1 _aRiet-Correa, F.
100 1 _aSimões, S.V.D.
100 1 _aVasconcelos, J.S.
245 1 _aUrolitíase em caprinos e ovinos
246 1 _aUrolithiasis in sheep and goats
650 _aOVINO
650 _aCAPRINO
650 _aDISTÚRBIO ANIMAL
650 _aDOENÇA ANIMAL
650 _aURETRA
650 _aAPARELHO URINÁRIO
650 _aNUTRIÇÃO ANIMAL
773 0 _tPesquisa Veterinária Brasileira (Brazil)
_xISSN 0100-736X
_g(Jun 2008), v. 28(6) p. 319-322
_wBR2013000291
909 _a202311
_bLúcia
_c55
_dLúcia Elande
942 _2AGRIS
_n0
_cANA
999 _c225215
_d225215